MARC

LEADER 00000nam0a2200000 4500
001 50693
005 20231031033403.0
010 |a 5060001164 
035 |a (RuTPU)RU\TPU\book\53073 
090 |a 50693 
100 |a 20030418d1990 m y0rusy50 ca 
101 0 |a rus 
102 |a RU 
105 |a a j 001zy 
200 1 |a Применение ЭВМ для решения задач теплообмена  |e учебное пособие  |f Г. Н. Дульнев, В. Г. Парфенов, А. В. Сигалов 
210 |a Москва  |c Высшая школа  |d 1990 
215 |a 207 с.  |c ил. 
225 1 |a ЭВМ в техническом вузе 
320 |a Библиогр.: с. 205. 
610 1 |a теплотехника 
610 1 |a теплообмен 
610 1 |a теплопроводность 
610 1 |a конвективный теплообмен 
610 1 |a задачи 
610 1 |a решение 
610 1 |a ЭВМ 
610 1 |a применение 
610 1 |a учебные пособия 
675 |a 621.1.016.4(075.8)  |v 3 
700 1 |a Дульнев  |b Г. Н.  |g Геннадий Николаевич 
701 1 |a Парфенов  |b В. Г.  |g Владимир Глебович 
701 1 |a Сигалов  |b А. В.  |g Алексей Викторович 
801 1 |a RU  |b 63413507  |c 20030418  |g PSBO 
801 2 |a RU  |b 63413507  |c 20201008  |g PSBO 
942 |c BK